|
|
|
|
| LEADER |
00978nam a2200241 a 4500 |
| 001 |
4836115 |
| 008 |
090909s1991 caua b 001 0 eng d |
| 010 |
|
|
|a 90047292
|
| 020 |
|
|
|a 1555423124 (alk. paper)
|
| 040 |
|
|
|a DLC
|c DLC
|d DLC
|
| 082 |
0 |
0 |
|a 374
|2 20
|
| 100 |
1 |
|
|a Merriam, Sharan B.
|
| 245 |
1 |
0 |
|a Learning in adulthood :
|b a comprehensive guide /
|c Sharan B. Merriam, Rosemary S. Caffarella.
|
| 260 |
|
|
|a San Francisco :
|b Jossey-Bass,
|c 1991.
|
| 300 |
|
|
|a xx, 376 p. :
|b ill. ;
|c 24 cm.
|
| 490 |
0 |
|
|a The Jossey-Bass higher and adult education series
|
| 504 |
|
|
|a Includes bibliographical references (p. 317-362) and indexes.
|
| 541 |
1 |
|
|e 00005216
|
| 650 |
|
0 |
|a Adult learning.
|
| 700 |
1 |
|
|a Caffarella, Rosemary S.
|q (Rosemary Shelly),
|d 1946-
|
| 852 |
4 |
|
|a Ayesha Abed Library
|j General Shelf.
|
| 999 |
|
|
|c 3993
|d 3993
|
| 952 |
|
|
|0 0
|1 0
|2 ddc
|4 0
|6 374_MER_199100000000000
|7 0
|8 NFIC
|9 3684
|a BRACUL
|b BRACUL
|c GEN
|d 2009-09-30
|g 2632.00
|l 0
|o 374 MER
|p 3010005216
|r 2009-09-30
|t 1
|w 2009-09-30
|y BK
|